Sports Quiz

Random Sports or Tennis Quiz

US Open Winners: Same Year, Same Country Quiz Stats

 Plays Quiz not verified by Sporcle

Challenge
Share
Tweet
Embed
Score 0/34 Timer 02:00
0 Plays Today
Year Player % Correct
1999Williams
98.4%
2002Williams
98.4%
2002Sampras
96.8%
1999Agassi
96%
1974Connors
95.2%
1976Connors
95.2%
1978Connors
95.2%
1982Connors
95.2%
1983Connors
95.2%
1989Graf
95.2%
1979McEnroe
91.9%
1980McEnroe
91.9%
1981McEnroe
91.9%
1983Navratilova
91.9%
1984McEnroe
91.9%
1984Navratilova
91.9%
1989Becker
91.9%
Year Player % Correct
1976Evert
91.1%
1978Evert
91.1%
1980Evert
91.1%
1982Evert
91.1%
1969Laver
90.3%
1985Lendl
90.3%
1969Court
88.7%
1970Court
88.7%
1973Court
88.7%
1971King
86.3%
1974King
86.3%
1973Newcombe
83.1%
1979Austin
72.6%
1981Austin
72.6%
1971Smith
71%
1985Mandlikova
69.4%
1970Rosewall
63.7%

You're not logged in!

Compare scores with friends on all Sporcle quizzes.
OR
Log In

You Might Also Like...

Show Comments

Extras

Top Quizzes Today


Score Distribution

Your Account Isn't Verified!

In order to create a playlist on Sporcle, you need to verify the email address you used during registration. Go to your Sporcle Settings to finish the process.

Report this User

Report this user for behavior that violates our Community Guidelines.

Details: